00846 a2200193 4500003000500000005001700005040000900022082001400031100002800045245004800073260002200121300000800143505022200151650001300373942002300386999001900409952010100428952012300529Nust20230406101855.0 cNust a954.1,MUJ aMujahid, Sharif9105251 aIdeology of Pakistan / cSharif al Mujahid bService Book Club a228 aThe Need for an Ideology (Page-1), The Historical Base (Page-18), The Basis of Muslim Nationhood and of Pakistan (Page-49), Bangladesh : Ideological Disruption ? (Page-85), Ideology: The Basic Ingredients (Page-126).  aPakistan 2ddccBKk954.1,MUJ c188388d188388 00102ddc40708NFICaMCSbMCSd2016-12-12l0o954.1 MUJpMCS32298r2016-12-08w2016-12-12yBK 00102ddc4070aMCSbMCScGENd2016-12-12o954.1,MUJpMCS32299r2016-12-08w2016-12-12yBKzAlmirah No.75, Shelf No.7